A könyvvizsgálat folyamatának bemutatása egy termelő vállalkozáson keresztül

Bibliográfiai részletek
Szerző: Gregor Nikolett Andrea
További közreműködők: Korom Dr. Erik
Nagy András
Dokumentumtípus: Diplomadolgozat
Kulcsszavak:Könyvvizsgálat
számvitel
könyvvizsgálati szakma
Online Access:http://dolgozattar.uni-bge.hu/19623

MARC

LEADER 00000nta a2200000 i 4500
001 dolg19623
005 20181214155635.0
008 181214suuuu hu om 000 hun d
040 |a BGE Dolgozattár Repozitórium  |b hun 
041 |a hu 
100 1 |a Gregor Nikolett Andrea 
245 1 2 |a A könyvvizsgálat folyamatának bemutatása egy termelő vállalkozáson keresztül  |c Gregor Nikolett Andrea  |h [elektronikus dokumentum] 
246 1 1 |a A könyvvizsgálat folyamatának bemutatása egy termelő vállalkozáson keresztül 
695 |a Könyvvizsgálat 
695 |a számvitel 
695 |a könyvvizsgálati szakma 
700 1 |a Korom Dr. Erik  |e ths 
700 1 |a Nagy András  |e ths 
856 4 0 |u http://dolgozattar.uni-bge.hu/19623/1/szakdolgozat_NT7NPP.pdf  |z Dokumentum-elérés